| 000 | 00799na a2200265 4500 | ||
|---|---|---|---|
| 001 | 13183 | ||
| 003 | MIRAKIL | ||
| 005 | 20181213155030.0 | ||
| 008 | 161024b tu 000 0 | ||
| 035 | _a13183 | ||
| 040 |
_aMilas _btur _cTR-AnCHP |
||
| 041 | _atur | ||
| 082 |
_a923.2 Tütengil, C.O. _bK65c 1982 |
||
| 090 | _a923.2 Tütengil,C.O. K65c 1982 | ||
| 100 | _aKongar, Emre | ||
| 245 |
_aCavit Orhan Tütengil _cEmre Kongar |
||
| 260 |
_aAnkara _bTürk Dil Kurumu _c1982 |
||
| 300 |
_a111 s. _c20 sm. |
||
| 490 |
_aTürk Dil Kurumu yayınları _v488 |
||
| 600 |
_aTütengil, Cavit Orhan _d1921-1979 _xYaşamöyküsü |
||
| 600 |
_aTütengil, Cavit Orhan _xSiyasal ve sosyal görüşler |
||
| 650 |
_aSosyologlar _xYaşamöyküsü |
||
| 650 | _aSosyal bilimciler | ||
| 942 |
_2ddc _cBKS |
||
| 999 |
_c5214 _d5214 |
||